| 000 | 00524nam a2200169Ia 4500 | ||
|---|---|---|---|
| 003 | 3228 | ||
| 005 | 20231109134623.0 | ||
| 008 | 210817s9999 xx ed 000 1 AFR d | ||
| 020 |
_a9780799317152 _qPaperback (Pbk) |
||
| 040 |
_aRDA _c3228 |
||
| 082 | _aLP AF GRIE | ||
| 100 | _aGriessel, Nita | ||
| 245 | 0 |
_aViooltjies in die reën _cNita Griessel; Stofomslagontwerp: Bea Jonker |
|
| 300 |
_a319 Pages; _c22 cm |
||
| 500 | _aDie boek Blomme vir more deur Nita Griesel volg op Viooltjien in die reën. | ||
| 942 |
_cBK _2ddc _y245 _zIzakina Blanche |
||
| 999 |
_c215863 _d215862 |
||